000 00707nam a2200229Ia 4500
001 8497
003 GE_BSU
008 181216s||||||||xx |||||||||||||| ||und||
040 _cGE_BSU
080 _a821.353.1-1
100 _aვარშანიძე,მამია.
245 _aშვიდასი.
245 _bლექსები.
245 _cრედ:მამია ხარაზი;მხატვ:რედ:გურამ გუჯაბიძე.
260 _aბათუმი.
260 _bაჭარა.
260 _c1994.
300 _a215გვ;1ფ.პორტრ.19სმ.
653 _aლექსები
653 _aშვიდასი.
942 _cBK
999 _c41814
_d41814